FIFA 14 Career Mode - Top 25 Players with the Best Potential - Statistics

General Stats
  • This quiz has been taken 509 times
  • The average score is 9 of 25
Answer Stats
Hint Answer % Correct
LW Neymar Brazilian
85%
CAM Mario Gotze German
75%
CM Paul Pogba French
65%
GK Thibaut Courtois Belgian
60%
CAM Christian Eriksen Tottenham
54%
CAM James Rodriguez AS Monaco
51%
GK Marc-Andre ter Stegen German
46%
CB Raphael Varane French
46%
CB Marquinhos Brazilian
41%
RW Lucas Brazilian
40%
CAM Oscar Brazilian
38%
CAM Isco Spanish
35%
ST Anthony Martial AS Monaco
30%
LB David Alaba Bayern Munich
30%
RW Zakaria Bakkali PSV
28%
LW Stephan El Shaarawy Italian
25%
GK Simone Scuffet Italian (Udinese)
22%
CB Fabian Schar Swiss
20%
RM Mohamed Salah Chelsea
16%
LM Adnan Januzaj Belgian
13%
CAM Maximilian Meyer German
13%
RB Mattia De Sciglio Italian
11%
LW Balde Keita Lazio
10%
RM Lazar Markovic Benfica
10%
CAM Angel Correa Argentinian
9%
No matching quizzes found
Score Distribution
Percent of People with Each Score
Percentile by Number Answered
Your Score History
You have not taken this quiz